Movies Quiz

Random Movies or Director Quiz

Behind The Scenes (pics) Quiz Stats

 Plays Quiz not verified by Sporcle

Challenge
Share
Tweet
Score 0/18 Timer 15:00
0 Plays Today
% Correct
Jurassic Park
94%
Titanic
93.9%
Star Wars
93.1%
Steven Spielberg
82.9%
James Cameron
82.6%
James Cameron
82.6%
The Godfather
81.8%
George Lucas
81.5%
King Kong
74.5%
% Correct
The Nightmare Before Christmas
72.2%
Pulp Fiction
69.2%
Francis Ford Coppola
62.8%
Quentin Tarantino
61.7%
Avatar
59.3%
North By Northwest
53.7%
Alfred Hitchcock
51.7%
Peter Jackson
50.2%
Henry Selick
13.3%

You're not logged in!

Compare scores with friends on all Sporcle quizzes.
OR
Log In

You Might Also Like...

Show Comments

Extras

Top Quizzes Today


Score Distribution

Your Account Isn't Verified!

In order to create a playlist on Sporcle, you need to verify the email address you used during registration. Go to your Sporcle Settings to finish the process.

Report this User

Report this user for behavior that violates our Community Guidelines.

Details: